Grandeza e decandecia do reino de Galicia / (Record no. 74560)

MARC details
000 -LEADER
campo de control de longitud fija 00607nam a2200181 i 4500
001 - NÚMERO DE CONTROL
campo de control 74560
003 - IDENTIFICADOR DE NÚMERO DE CONTROL
campo de control ES-MaACL
005 - FECHA Y HORA DE LA ÚLTIMA TRANSACCIÓN
campo de control 20230906172154.0
007 - CAMPO FIJO DE DESCRIPCIÓN FÍSICA--INFORMACIÓN GENERAL
campo de control de longitud fija t|
008 - DATOS DE LONGITUD FIJA--INFORMACIÓN GENERAL
campo de control de longitud fija 040920s1978 sp ||||1| gao d
100 1# - ENTRADA PRINCIPAL--NOMBRE DE PERSONA
Nombre de persona González López, Emilio.
9 (RLIN) 58763
245 10 - MENCIÓN DEL TÍTULO
Título Grandeza e decandecia do reino de Galicia /
Mención de responsabilidad, etc. Emilio González López ; [traducción ao galego de: Francisco Fernández del Riego].
260 ## - PUBLICACIÓN, DISTRIBUCIÓN, ETC.
Lugar de publicación, distribución, etc. [Vigo] :
Nombre del editor, distribuidor, etc. Galaxia,
Fecha de publicación, distribución, etc. 1978.
300 ## - DESCRIPCIÓN FÍSICA
Extensión 437 p. ;
Dimensiones 21 cm.
651 #4 - PUNTO DE ACCESO ADICIONAL DE MATERIA--NOMBRE GEOGRÁFICO
Nombre geográfico Galicia-
Subdivisión general Historia.
9 (RLIN) 8728
700 1# - ENTRADA AGREGADA--NOMBRE PERSONAL
Nombre de persona Fernández del Riego, Francisco.
9 (RLIN) 49733
852 ## - LOCALIZACIÓN
Ubicación ES-MaACL
Número de control de estantería A-8880
Sublocalización o colección R.97952
Holdings
Estatus retirado Estado de pérdida Estado de daño No para préstamo Biblioteca de origen Biblioteca actual Ubicación en estantería Fecha de adquisición Fuente de adquisición Total de préstamos Signatura topográfica completa Código de barras Visto por última vez Precio de reemplazo Tipo de ítem Koha
        Biblioteca del Ateneo de Madrid Biblioteca del Ateneo de Madrid Depósito 1 17/01/2008     A-8880 1078047 23/02/2023 23/02/2023 Libro impreso